000 00776nam a2200277Ia 4500
008 170712s9999 xx 000 0 und d
020 _a9789712724015
050 _a899.21
050 _bA445 2010
100 _aAlmario, Virgilio S.
245 _aPanitikang pambata sa Filipinas :
245 _bmga gunita, tala, puna't pansin sa kasaysayan /
245 _cVirgilio S. Almario.
260 _aPhilippines :
260 _bAnvil,
260 _c2010
300 _a255 pages :
300 _billustrations ;
300 _c22cm.
650 _aChildren --
650 _aChildren's literature, Philippine --
650 _aChildren's literature, Philippine.
650 _aTitle.
650 _xBook and reading -- Philippines.
650 _xHistory and criticism.
999 _c340305
_d340305